Examination reforms and evaluation in semester system at undergraduate level (Record no. 8925)

MARC details
000 -LEADER
fixed length control field 00620cam a2200193ua 4500
008 - FIXED-LENGTH DATA ELEMENTS--GENERAL INFORMATION
fixed length control field 161012n ii |||gr||||Z||||||eng
020 ## - INTERNATIONAL STANDARD BOOK NUMBER
International Standard Book Number 9788192994444
040 ## - CATALOGING SOURCE
Transcribing agency MAIN
041 ## - LANGUAGE CODE
-- eng
082 ## - DEWEY DECIMAL CLASSIFICATION NUMBER
Classification number 371.26
100 ## - MAIN ENTRY--PERSONAL NAME
Personal name Mahanta, Anita,
Relator term
245 ## - TITLE STATEMENT
Title Examination reforms and evaluation in semester system at undergraduate level
Statement of responsibility, etc. Ed. by Anita Mahanta & Kunja Mukul Gogoi
260 ## - PUBLICATION, DISTRIBUTION, ETC.
Place of publication, distribution, etc. Naharkatia:
Name of publisher, distributor, etc. Department of education, Naharkatiya College,
Date of publication, distribution, etc. 2016.
300 ## - PHYSICAL DESCRIPTION
Extent 225p.
700 ## - ADDED ENTRY--PERSONAL NAME
Personal name Gogoi, Kunja Mukul,
Relator term
942 ## - ADDED ENTRY ELEMENTS (KOHA)
Koha item type Books
653 ## - INDEX TERM--UNCONTROLLED
Uncontrolled term Schools & their activities special education
Holdings
Withdrawn status Lost status Damaged status Not for loan Home library Current library Shelving location Date acquired Total Checkouts Full call number Barcode Date last seen Copy number Price effective from Koha item type
        Central Library, Naharkatiya College Central Library, Naharkatiya College General Stacks 19/09/2020   371.26 | EXA 23534 19/09/2020 1 19/09/2020 Books

Naharkatiya College © 2020. All rights reserved.

Powered By